[Event "HUN-chT2 Szechenyi 1819"]
[Site "Hungary"]
[Date "2018.12.02"]
[Round "3.9"]
[White "Solymosi, Zsolt"]
[Black "Juhasz, Nagy Sandor"]
[Result "1/2-1/2"]
[WhiteElo "1604"]
[BlackElo "1837"]
[PlyCount "65"]
[EventDate "2018.10.28"]
[EventType "team-tourn"]
[EventRounds "9"]
[EventCountry "HUN"]
[SourceTitle "EXT 2021"]
[Source "ChessBase"]
[SourceDate "2020.10.23"]
[SourceVersion "1"]
[SourceVersionDate "2020.10.23"]
[SourceQuality "1"]
[WhiteTeam "Sarvar"]
[BlackTeam "Veszprem Ezust Huszar"]
[WhiteTeamCountry "HUN"]
[BlackTeamCountry "HUN"]

1. e4 c6 2. Nf3 d5 3. exd5 cxd5 4. d4 Nc6 5. Nc3 Bg4 6. h3 Bh5 7. Bb5 e6 8. a3 Bd6 9. Qe2 Nge7 10. Bxc6+ bxc6 11. g4 Bg6 12. h4 h5 13. Rg1 hxg4 14. Rxg4 Qb6 15. b4 Kd7 16. Na4 Qb5 17. Ne5+ Kc7 18. Nxg6 Nxg6 19. Qxb5 cxb5 20. Nc3 Kb6 21. Bg5 Rh7 22. 0-0-0 a5 23. bxa5+ Rxa5 24. Bd8+ Ka6 25. Bxa5 Bxa3+ 26. Kb1 Kxa5 27. Rh1 Ne7 28. Rh3 Bd6 29. Nd1 g6 30. Kb2 Kb6 31. Ne3 Kc6 32. Rg1 Rh5 33. Rg4 1/2-1/2